NFL players With 4 or More Rings - Statistics

General Stats
  • This quiz has been taken 38 times
  • The average score is 9 of 37
Answer Stats
Hint Answer % Correct
7 Tom Brady
100%
4 Joe Montana
81%
4 Terry Bradshaw
69%
4 Rob Gronkowski
63%
5 Charles Haley
53%
4 Franco Harris
50%
4 Lynn Swann
50%
4 Mel Blount
41%
4 Joe Greene
38%
4 Jack Ham
34%
4 John Stallworth
34%
4 Dwight White
31%
4 Jack Lambert
31%
4 Larry Brown
28%
4 Mike webster
25%
4 Ronnie Lott
25%
4 Adam Vinatieri
22%
4 Rocky Bleier
19%
4 Ted Hendricks
19%
4 Bill Romanowski
16%
4 Donnie Shell
16%
4 Eric Wrght
16%
4 Eric Wright
16%
4 L.C. Greenwood
16%
4 Sam Davis
13%
4 J T. Thomas
9%
4 Mike Wilson
9%
4 Jon Kolb
3%
4 Marv Fleming
3%
4 Randy Grossman
3%
4 Steve Furness
3%
4 Gerry Mullins
0%
4 Jesse Sapolu
0%
4 Keena Turner
0%
4 Loreb Toews
0%
4 Matt Millen
0%
4 Mike Wagner
0%
No matching quizzes found
Score Distribution
Percent of People with Each Score
Percentile by Number Answered
Your Score History
You have not taken this quiz